1382 1792 1980 1835 1724 1843 1146 1396 1141 1845 1955 1073 1864 1351 1121 1847 1789 1768 1645 1452 1146 1272 1320 1265 1761 1928 1912 1194 1472 1684 1599 1096 1169 1155 1466 1182 1903 1905 1122 1683 1279 1598 1612 1966 1338 1677 1180 1324 1637 1163 1087 1716 1800 1212 1791 1805 1506 1261 1195 1201 1876 1472 1651 1405 1276 1391 1914 1353 1727 1634 1460 1587 1842 1083 1075 1572 1162 1006 1840 1101 1981 1480 1598 1607 1398 1842 1680 1824 1277 1560 1192 1304 1175 1169 1723 1131 1762 1598 1444 BCNSPRNW ULIB Ver.6.0+V

เปลี่ยนเป็นภาษาไทย

Change to English
 แสดงรายละเอียดบรรณานุกรม
  กลับหน้าหลัก

Brief Record : Get Marc (ISO 2709) : E-mail record : QR code < ปิดหน้าต่าง
LEADER : 00000nam 2200000uu 4500
001    13399113567
003     ULIB
008    111128s2551||||th 000 0 tha d
020    ^a9789740502135
090    ^aนว.^bง281อ 2551
100 0  ^aเงาตะวัน
245 00 ^aอามิเรร่าธิดาแห่งธีบิส/^cเงาตะวัน
250    ^aพิมพ์ครั้งที่ 1
260    ^aกรุงเทพฯ :^bลีลา,^c2551
300    ^a294 หน้า
710 1  ^aลีลา
945    ^p200^l0^i15037
995    ^aกัณชพร
999    ^aใช้งานได้ทุกระบบ
รายการนี้ยังไม่มีแท็ก
คุณยังไม่ได้ล็อกอิน คุณสามารถมีกิจกรรมร่วมกับเว็บไซต์ได้ แต่ต้องล็อกอินก่อน ::
  ล็อกอิน

รายการสื่อสารสนเทศ

ลำดับที่ ประเภท เลขเรียก/บาร์โค้ด สถานที่ สถานะ
1. วิทยาศาสตร์การแพทย์ และสุขภาพ
วิทยาศาสตร์การแพทย์ และสุขภาพ
นว. ง281อ 2551  
  Barcode: 15037
ห้องสมุดวิทยาเขตสวรรค์ประชารักษ์
►นวนิยาย
บนชั้น
  ขอยืม

รายการใกล้เคียง
    ผู้แต่ง [เงาตะวัน]

BibComment


ยังไม่เคยถูกคอมเมนท์

คอมเมนท์ทรัพยากรรายการนี้
  คอมเมนท์: อามิเรร่าธิดาแห่..


 Copyright 2026. Bcnsprnw @Library